000
00244 a2200109 4500
003
Nust
005
20170207154223.0
040
_c
Nust
082
_a
371.33
245
_a
Leadership Realities (VHS-304)
440
_a
Leadership Realities (VHS-304)
538
_a
Duration Mins 95
999
_c
195395
_d
195395